000 00795nam a2200265Ia 4500
003 OSt
005 20220912151936.0
006 a|||||r|||| 00| 0
007 ta
008 220909b |||||||| |||| 00| 0 eng d
024 _a64331
037 _cTextual
040 _aCSL
_beng
_cCSL
041 _aeng
082 _aL9uQ1p5:N60, K2
100 _aBarbour A Buchanan Ed.
111 _aSymposium on human problems of supersonic and hypersonic 5th (1960 : London)
245 0 _aProceedings on human problems of supersonic and hypersonic flight
260 _c1962
300 _ap.
_ccm.
650 _aMedicine
700 _a Whittingham Harold E Ed.
942 _hL9uQ1p5:N60, K2
_cTEXL
_2CC
999 _c77630
_d77630